00521 2200193 4500001002100000005001500021035002000036007000300056008004100059020002200100082001200122084001800134100001600152245004800168250000600216260004700222300003500269650002300304INLIS00000000000199720260204080131 a0010-0226000007ta260204 g 1 ind  a978-606-700-851-7 a297.246 a297.246 EKO k0 aEko Koswara1 aKisah Nabi Adam Alaihissalam /cEko Koswara a- aSidoarjo :bPT GLOBAL OFFSET SEJAHTERA,c- a32 hlm. :bilus. ;c20 x 25 cm aKisah Nabi Adam AS